Statistiken für Flaggen mit Drachen

Klicken Sie hier um das Quiz zu spielen!

Allgemein

  • Dieses Quiz wurde 111 mal gespielt
  • Das Durchschnittsergebnis liegt bei 4 aus 10

Antwortstatistiken

Antwort% Korrekt
Wales
95%
Bhutan
93%
Malta
93%
Moskau
42%
Portugiesisch-Macau
34%
Qing-Dynastie
17%
Britisch-Hong Kong
14%
Kasan
9%
Somerset
4%
Manipur
3%

Verteilung der Resultate

Perzentil nach korrekt beantworteten Fragen

Anzahl Personen mit jedem Resultat

Ihre Resultats-Entwicklung

Sie haben dieses Quiz noch nicht gespielt